[Event "Candidates Tournament"]
[Site "Moscow"]
[Date "2016.03.21"]
[Round "9"]
[White "Giri, Anish"]
[Black "Caruana, Fabiano"]
[Result "1/2-1/2"]
[WhiteElo "2793"]
[BlackElo "2794"]
[Annotator "Wagner,D"]
[PlyCount "191"]
[EventDate "2016.03.11"]
[EventType "tourn"]
[EventRounds "14"]
[EventCountry "RUS"]
[EventCategory "22"]
[SourceTitle "CBM 172"]
[Source "ChessBase"]
[SourceDate "2016.05.12"]
[SourceVersion "1"]
[SourceVersionDate "2016.05.12"]
[SourceQuality "1"]

{In round 9 of the Candidates Tournament attention was especially drawnd to
the game of Giri agianst Caruana, because the latter implemented a completely
fresh and surprising idea with Black in one of the sharpest lines against the
Grünfeld.} 1. d4 Nf6 2. c4 g6 3. f3 d5 4. cxd5 Nxd5 5. e4 Nb6 6. Nc3 Bg7 7. Be3
O-O 8. Qd2 e5 9. d5 c6 10. h4 cxd5 11. exd5 Na6 $5 {Caruana's team decided to
spring a surprise with this concrete approach. Though probably Black won't
gain full equality if confronted with the best possible play he hopes for the
practical value of the innovation and the complicated character of the
resulting position.} (11... N8d7 $1 {is the normal move.}) 12. h5 Nb4 13. hxg6
(13. Bc5 $6 N4xd5 14. Bxf8 Bxf8 $11) 13... Bf5 $1 {The strong and consistent
follow-up. Black gives up all his kingside pawns, but is able to initiate his
own counterplay afterwards.} (13... fxg6 14. Bc5 N4xd5 15. Nxd5 Nxd5 16. Bc4
Be6 17. Rd1 $16) (13... hxg6 14. g4 $18) 14. gxh7+ Kh8 15. Rd1 $1 {Not
surprisingly Giri was already out of book, but nevertheless he finds all the
critical moves.} (15. g4 Nc2+ 16. Kf2 Bg6 17. Rd1 Nxe3 18. Qxe3 Rc8 19. d6 f5
$132) (15. Ne4 $2 N6xd5 $1 (15... N4xd5 16. Bc5 $14) 16. Bc5 Qa5 $1 17. Bxf8
Bxf8 $19) 15... Nc2+ (15... Rc8 $5 {can be considered.} 16. Nh3 Nc2+ 17. Kf2
Nxe3 18. Qxe3 Na4 {transposition.}) 16. Kf2 Nxe3 (16... Rc8 17. Bh6 $1) 17.
Qxe3 Bd7 (17... Rc8 $5 18. Nh3 (18. Be2 $5 Bc2 (18... Bd7 19. Nh3 f5 20. Kg1
$14) 19. Rd2 Bg6 20. Nh3 f5 21. f4 $14) 18... Na4 19. Nxa4 Qh4+ 20. Kg1 Qxa4
21. Rd2 $1 Qxa2 22. g4 Bd7 (22... Bg6 23. Bd3 f5 24. Ng5 $16) 23. Ng5 Qb1 (
23... f5 24. gxf5 Bxf5 25. Bd3 Rc1+ 26. Kh2 Rxh1+ 27. Kxh1 $16) 24. Ne4 f5 25.
gxf5 Bxf5 26. Nc3 Qa1 27. Kg2 $16) 18. Nh3 f5 ({In the interview after the
game Caruana mentioned} 18... Rc8 {as the right move and explained that he had
mixed up his analysis. But there too White stays on top.} 19. Kg1 f5 20. Nf2 (
20. f4 Qc7 $1) 20... Qf6 (20... e4 21. fxe4 f4 22. Qf3 $18) 21. Bd3 Qd6 22. Rh5
Qg6 23. Qg5 $14) 19. f4 $1 {a good response. The black pawns are blocked and
White intends to consolidate his pieces.} Rc8 (19... e4 20. Ng5 $16 {[%cal
Gg2g3,Gf1e2] is strategically bad for Black.}) 20. g3 Nc4 $2 (20... e4 21. Ng5
{is no fun for Black, of course, but the text move should lose the game.} Bf6
22. d6 Qe8 23. Rd2 Qg6 24. Kg2 $16) 21. Bxc4 Rxc4 22. fxe5 f4 23. Nxf4 Qg5 24.
Rd4 $2 {Unfortunately for Giri, who had already spent a huge amount of time,
he couldn´t come up with the most convincing solution.} (24. Ke1 $1 Bxe5 (
24... Rf5 25. Rh5) 25. Ng6+ Qxg6 26. Qxe5+ Qf6 27. Qxf6+ Rxf6 28. Rd2 $18 {
is technically much easier.}) 24... Rxd4 25. Qxd4 Bxe5 26. Qb4 Rf7 27. Nce2 Bg4
28. Qe4 $16 {Here too White is pretty close to winning with three extra pawns!
But Black still has the pair of bishops and the "safer king" for the moment,
so White's task is still not trivial.} Qf6 29. Rh4 Bf5 30. Qe3 b6 (30... Bxb2
31. Qxa7) 31. b3 Re7 32. Qd2 $6 {This retreat is a bit modest and doesn't
exploit the concrete circumstances of the position well enough.} (32. Rh5 $1
Bxh7 33. Kg1 $18 {Now the Black king is pretty jeopardised and White should
eventually break through.}) (32. Nh5 $5 Qf8 33. Qf3 Rxh7 34. Re4 $1 Qc5+ 35.
Re3 $18) 32... Rc7 33. d6 $6 {Understandably Giri wants to activate his queen,
but there was no need to give up the pawn.} (33. Kf3 $5 Bxh7 (33... Rc2 34. Qe3
Rc7 35. g4 $18) (33... Rxh7 34. Rxh7+ Kxh7 35. g4 Bb1 36. Qc1 $18) 34. Qe3 Kg8
35. Nd4 $18) 33... Bxd6 (33... Qxd6 $5 34. Qxd6 Bxd6 35. g4 Be4 {will also be
a difficult technical job against the two bishops.} 36. Ne6 Rf7+ 37. Ke3 Bb7
38. g5 Re7 39. N2d4 Rxh7 40. Rxh7+ Kxh7 41. Nf4 $14) 34. Qd5 Rf7 35. Kg2 Bc5 $6
(35... Rg7 $1 {is more precise, allowing the defence of the back rank with Qf8.
} 36. Qa8+ Qf8 37. Qxf8+ Bxf8 38. Nd4 Be4+ 39. Kh3 Be7 40. Rh5 Bf6 $14) 36. Rh5
Bg4 37. Rh6 {Exchanging the rooks should make the task easier for White, but
he could have created more practical problems.} (37. Rg5 $1 Bxe2 (37... Bf5 38.
Nc3 Bf8 39. Rg8+ Kxh7 40. Rg5 Kh8 41. Rh5+ Kg8 42. Ne4 Bxe4+ 43. Qxe4 $18) 38.
Qa8+ Rf8 39. Rg8+ Kxh7 40. Rxf8 Bxf8 41. Nxe2 $16 {should be nearly winning
with his queen and strong knight.}) 37... Qxh6 38. Qxf7 Qc6+ 39. Nd5 Be6 40.
Qf6+ Kxh7 41. Qh4+ Kg7 42. Qg5+ Kf8 {Even without rooks it's difficult to make
progress against the two bishops.} 43. Qf6+ (43. Nef4 $5) 43... Kg8 (43... Ke8
44. Qxe6+ Qxe6 45. Nc7+ Kd7 46. Nxe6 Kxe6 47. Nf4+ Kf5 48. Kf3 Bd6 49. g4+ Ke5
50. Ng6+ Kf6 51. Nh4 Kg5 52. Nf5 Bc5 53. Ng3 Kg6 54. Ne4 $18) 44. Qg6+ Kf8 45.
Qh6+ Kg8 46. Qg5+ Kf8 47. Nef4 Bf7 48. Qe5 Kg8 49. Kh3 Qd6 50. Nf6+ Kf8 51. Qf5
Ke7 52. N6d5+ Kf8 53. Kg4 $1 {activating the king!} Bd4 54. Nc7 (54. Qc8+ Kg7
55. Qb7 a5 56. Ne7 $1 {maximizing the coordination of the knights!} Be6+ 57.
Kf3 Kf8 58. Neg6+ Kg8 59. Nxe6 {It´s better to exchange the light-coloured
bishop, because the weakness of the light squares on the kingside is more
easily felt.} Qxe6 60. Nf4 $1 $18) 54... Be5 55. Ncd5 a5 56. Qc8+ Kg7 57. Ne3
Kh7 58. Qb7 (58. Nf5 $1 Qd1+ (58... Qf6 59. Qd7 Kg8 60. Kf3 Bxf4 61. Kxf4 $16)
59. Kg5 $18) 58... Kg8 59. Qa8+ Qb8 60. Qe4 Qd6 61. Nf5 Qd1+ 62. Ne2 (62. Qf3
Qxf3+ 63. Kxf3 Kh7 {should be drawn.}) (62. Kh3 $1 Qf1+ 63. Kh2 Qf2+ 64. Ng2 {
For the moment White needs to retreat with his pieces in order to activate
them with even more force after consolidation. Of course it´s difficult to
decide on such a way of play during a practical game.} Bf6 65. Kh3 Kh7 66. Ngh4
Qf1+ 67. Kg4) (62. Kg5 Qd8+ $1) 62... Bg7 63. Nxg7 $2 {I don't like this
exchange at this specific moment. In general it's good to halve the opponent's
pair of bishops, but the problem is that the remaining White knight is
currently pinned and it's difficult to restore coordination in the white camp.}
(63. Kh3 $1 Qf1+ 64. Kh4 $16 {should be preferred.}) 63... Kxg7 64. Qe5+ Kg6
65. Kf3 (65. Qe7 Kg7 66. Kf3 Qd3+ 67. Qe3 Qf5+ 68. Kg2 Qc2 69. Qc3+ Qxc3 70.
Nxc3 Kf6 71. Kf2 Ke5 72. Ke3 Be6 {with enough activity for a draw.}) 65... Qd3+
66. Kf2 Qc2 67. Qd6+ Kg7 68. Qd4+ Kg8 69. Qg4+ Kf8 70. Qa4 Be8 (70... Qd2 71.
g4 Kg8 $11) 71. Qa3+ Kg8 72. Qe7 Bf7 73. Qd8+ Kg7 74. Qd4+ Kg8 75. Qa4 Qd2 (
75... Kg7 $11 {is easier.}) 76. Qg4+ Kf8 77. Qc8+ $1 Ke7 (77... Be8 $5 78. a3
Qb2 79. Qe6 Qxa3 80. Qxb6 Qb2 $11) 78. Qc7+ Kf8 79. a3 $1 Bxb3 80. Qb8+ Kf7 81.
Qb7+ Kg8 82. Qxb6 Qa2 83. Qd8+ Kf7 84. Qd7+ Kg8 85. Qe8+ Kg7 86. Qe7+ Bf7 87.
g4 Qd2 {White still cannot make real progress.} 88. Qc5 (88. Qe3 Qxe3+ 89. Kxe3
Kf6 {the main problem is that the ending is drawn without queens.} 90. Nd4 a4
91. Kf4 Bb3 92. g5+ Kg6 93. Nf3 Bc2 94. Ne5+ Kg7) 88... Be6 89. Qe5+ Kf7 90. g5
Qa2 91. Qf6+ Ke8 {White suffers from his weak king and lacks activity. He has
no chance of converting his extra pawn.} 92. Qh8+ (92. g6 Bc4) (92. Ke3 Qxa3+
93. Kf4 Qd6+) (92. Qc3 Bc4) 92... Ke7 93. Qh7+ Kf8 94. Qh8+ Ke7 95. Qg7+ Ke8
96. Qh8+ {Giri reacted pretty well in the opening. Had he made the decisive
blow on move 24 he would have definitely won the game. After this inaccuracy
Caruana defended very tenaciously and deservedly reached a draw} 1/2-1/2

[Event "chess.com gf blitz 5m+2spm"]
[Site "Chess.com INT"]
[Date "2016.05.10"]
[Round "2"]
[White "Vachier Lagrave, Maxime"]
[Black "Caruana, Fabiano"]
[Result "0-1"]
[WhiteElo "2788"]
[BlackElo "2795"]
[PlyCount "62"]
[EventDate "2016.04.06"]
[EventType "match (blitz)"]
[EventRounds "26"]
[EventCountry "USA"]
[SourceTitle "EXT 2017"]
[Source "ChessBase"]
[SourceDate "2016.10.25"]
[SourceVersion "1"]
[SourceVersionDate "2016.10.25"]
[SourceQuality "1"]

1. d4 Nf6 2. c4 e6 3. Nf3 d5 4. Nc3 Be7 5. Bg5 h6 6. Bh4 O-O 7. e3 Ne4 8. Bxe7
Qxe7 9. cxd5 Nxc3 10. bxc3 exd5 11. Qb3 Rd8 12. c4 Be6 13. Rc1 c5 14. dxc5 Qxc5
15. Nd4 Nc6 16. Nxe6 fxe6 17. Be2 d4 18. O-O dxe3 19. fxe3 Ne5 20. Kh1 b6 21.
Qc3 Rd6 22. Rf4 Rad8 23. Re4 Nc6 24. Rf1 e5 25. Rg4 Rd2 26. Bf3 Ne7 27. Be4 Rd1
28. Kg1 b5 29. Bc2 Rxf1+ 30. Kxf1 Nd5 31. Rxg7+ Kf8 0-1

[Event "chess.com gf blitz 5m+2spm"]
[Site "Chess.com INT"]
[Date "2016.05.10"]
[Round "3"]
[White "Caruana, Fabiano"]
[Black "Vachier Lagrave, Maxime"]
[Result "1/2-1/2"]
[WhiteElo "2795"]
[BlackElo "2788"]
[PlyCount "116"]
[EventDate "2016.04.06"]
[EventType "match (blitz)"]
[EventRounds "26"]
[EventCountry "USA"]
[SourceTitle "EXT 2017"]
[Source "ChessBase"]
[SourceDate "2016.10.25"]
[SourceVersion "1"]
[SourceVersionDate "2016.10.25"]
[SourceQuality "1"]

1. e4 c5 2. Nf3 d6 3. Bb5+ Nd7 4. O-O a6 5. Bd3 Ngf6 6. Re1 b5 7. c3 e5 8. Bc2
Bb7 9. d4 Be7 10. d5 O-O 11. Nbd2 g6 12. a4 Nh5 13. b3 Nf4 14. Nf1 Qc8 15. g3
Nh5 16. Bh6 Re8 17. Qe2 Ndf6 18. axb5 axb5 19. Rxa8 Bxa8 20. Qxb5 Nf4 21. gxf4
Qg4+ 22. Ng3 exf4 23. Bd1 fxg3 24. hxg3 Qh3 25. Bf4 h6 26. c4 Bf8 27. e5 dxe5
28. Bxe5 Qf5 29. Kg2 g5 30. Bxf6 Rxe1 31. Nxe1 Qxf6 32. Bh5 Qe7 33. Nf3 Bb7 34.
Bg4 Qc7 35. Qe8 Kg7 36. Ne5 Bd6 37. Nd7 Bc8 38. Nf6 Kxf6 39. Qh8+ Ke7 40. Bxc8
Qd8 41. Qxd8+ Kxd8 42. Bg4 Ke7 43. Kf3 h5 44. Bxh5 f5 45. g4 Kf6 46. Be8 Ke5
47. Bd7 f4 48. Bf5 Kd4 49. Ke2 Kc3 50. Bd7 Kd4 51. Kd2 Ke4 52. Bf5+ Kf3 53. Ke1
Kg2 54. f3 Kxf3 55. Kf1 Ke3 56. Be6 Kd3 57. Bd7 Kc3 58. Ba4 Kd3 1/2-1/2

[Event "chess.com gf blitz 5m+2spm"]
[Site "Chess.com INT"]
[Date "2016.05.10"]
[Round "4"]
[White "Vachier Lagrave, Maxime"]
[Black "Caruana, Fabiano"]
[Result "1-0"]
[WhiteElo "2788"]
[BlackElo "2795"]
[PlyCount "75"]
[EventDate "2016.04.06"]
[EventType "match (blitz)"]
[EventRounds "26"]
[EventCountry "USA"]
[SourceTitle "EXT 2017"]
[Source "ChessBase"]
[SourceDate "2016.10.25"]
[SourceVersion "1"]
[SourceVersionDate "2016.10.25"]
[SourceQuality "1"]

1. e4 e5 2. Nf3 Nc6 3. Bb5 a6 4. Ba4 g6 5. c3 d6 6. d4 Bd7 7. O-O Bg7 8. Re1
Nf6 9. Bxc6 Bxc6 10. dxe5 Nxe4 11. exd6 O-O 12. dxc7 Qxc7 13. Be3 Rfe8 14. Nbd2
Nxd2 15. Nxd2 Rad8 16. Qc2 Qd7 17. Rad1 Qd5 18. Nf3 Qxa2 19. Rxd8 Rxd8 20. Nd4
Bd5 21. h4 h5 22. Bg5 Rc8 23. Qd2 Qc4 24. Bh6 Bh8 25. Qf4 Qc7 26. Qg5 Kh7 27.
Qxd5 Bxd4 28. Bg5 Bg7 29. Re7 Rd8 30. Qb3 Rd7 31. Bf4 Qxf4 32. Rxd7 Qc1+ 33.
Rd1 Qf4 34. Qxb7 a5 35. Qf3 Qc4 36. g3 a4 37. Rd7 f5 38. Qb7 1-0

[Event "chess.com gf blitz 5m+2spm"]
[Site "Chess.com INT"]
[Date "2016.05.10"]
[Round "5"]
[White "Caruana, Fabiano"]
[Black "Vachier Lagrave, Maxime"]
[Result "1-0"]
[WhiteElo "2795"]
[BlackElo "2788"]
[PlyCount "67"]
[EventDate "2016.04.06"]
[EventType "match (blitz)"]
[EventRounds "26"]
[EventCountry "USA"]
[SourceTitle "EXT 2017"]
[Source "ChessBase"]
[SourceDate "2016.10.25"]
[SourceVersion "1"]
[SourceVersionDate "2016.10.25"]
[SourceQuality "1"]

1. d4 Nf6 2. c4 g6 3. g3 Bg7 4. Bg2 O-O 5. Nc3 d6 6. Nf3 Nc6 7. O-O e5 8. d5
Nb8 9. c5 Na6 10. cxd6 cxd6 11. e4 b5 12. a3 Nc5 13. Re1 a5 14. Bg5 Bd7 15. b4
axb4 16. axb4 Rxa1 17. Qxa1 Na4 18. Bf1 Qb8 19. Nxa4 bxa4 20. b5 Qa7 21. Bxf6
Bxf6 22. Qa3 Bd8 23. Qxd6 Bb6 24. Re2 a3 25. Ra2 Bxf2+ 26. Rxf2 Bxb5 27. Qxe5
Bxf1 28. Kxf1 Rb8 29. Qa1 Rb4 30. d6 Rxe4 31. Rd2 Qe3 32. Kg2 Re8 33. d7 Rd8
34. Qf6 1-0

[Event "chess.com gf blitz 5m+2spm"]
[Site "Chess.com INT"]
[Date "2016.05.10"]
[Round "6"]
[White "Vachier Lagrave, Maxime"]
[Black "Caruana, Fabiano"]
[Result "1/2-1/2"]
[WhiteElo "2788"]
[BlackElo "2795"]
[PlyCount "105"]
[EventDate "2016.04.06"]
[EventType "match (blitz)"]
[EventRounds "26"]
[EventCountry "USA"]
[SourceTitle "EXT 2017"]
[Source "ChessBase"]
[SourceDate "2016.10.25"]
[SourceVersion "1"]
[SourceVersionDate "2016.10.25"]
[SourceQuality "1"]

1. e4 c5 2. Nf3 Nc6 3. Bb5 g6 4. O-O Bg7 5. Re1 Nf6 6. c3 O-O 7. h3 Qb6 8. Na3
d5 9. e5 Ne8 10. d4 cxd4 11. cxd4 Nc7 12. Ba4 Bf5 13. Bc2 e6 14. g4 Bxc2 15.
Nxc2 f6 16. exf6 Rxf6 17. Bg5 Rf7 18. Be3 Qxb2 19. Rb1 Qxa2 20. Rxb7 Qa6 21.
Rb3 Raf8 22. Ng5 Rd7 23. f4 Qc4 24. Rb7 Qa6 25. Rxc7 Rxc7 26. Nxe6 Rcf7 27.
Nxf8 Rxf8 28. Qd2 Qc8 29. Qg2 Qd7 30. Rb1 Re8 31. Kh1 Re4 32. Rf1 Ne7 33. Qf3
Qe6 34. f5 gxf5 35. gxf5 Qf6 36. Bg1 Bh6 37. Nb4 Rf4 38. Qg3+ Qg7 39. Rxf4 Qxg3
40. Rg4+ Qxg4 41. hxg4 a5 42. Nc2 a4 43. Bf2 Bc1 44. Be1 a3 45. Bb4 Nc6 46.
Bxa3 Bxa3 47. Nxa3 Nxd4 48. Kg2 h5 49. gxh5 Nxf5 50. Kf3 Ng7 51. Ke3 Nxh5 52.
Kd4 Kh7 53. Kxd5 1/2-1/2

[Event "chess.com gf blitz 5m+2spm"]
[Site "Chess.com INT"]
[Date "2016.05.10"]
[Round "7"]
[White "Caruana, Fabiano"]
[Black "Vachier Lagrave, Maxime"]
[Result "1-0"]
[WhiteElo "2795"]
[BlackElo "2788"]
[PlyCount "77"]
[EventDate "2016.04.06"]
[EventType "match (blitz)"]
[EventRounds "26"]
[EventCountry "USA"]
[SourceTitle "EXT 2017"]
[Source "ChessBase"]
[SourceDate "2016.10.25"]
[SourceVersion "1"]
[SourceVersionDate "2016.10.25"]
[SourceQuality "1"]

1. d4 Nf6 2. c4 g6 3. Nc3 d5 4. Nf3 Bg7 5. e3 O-O 6. Qb3 e6 7. Bd2 b6 8. cxd5
exd5 9. Be2 Be6 10. O-O c5 11. Rfc1 c4 12. Qd1 a6 13. a4 Nc6 14. b3 Na5 15.
bxc4 dxc4 16. Rcb1 Nb3 17. Ra2 Nd5 18. Be1 Re8 19. Rab2 Rc8 20. Bxc4 Nxc3 21.
Bxc3 Bxc4 22. Rxb3 Bxb3 23. Qxb3 Re6 24. Bd2 Rec6 25. h3 h6 26. Ne1 Qd7 27. Nd3
Rc4 28. Qxb6 Qxa4 29. Nc5 Qc2 30. Be1 Rxd4 31. exd4 Bxd4 32. Qxa6 Rxc5 33. Rb8+
Kg7 34. Qd6 Qe4 35. Qf8+ Kf6 36. Rb6+ Kg5 37. Bd2+ Kh4 38. Qxh6+ Rh5 39. Bg5#
1-0

[Event "chess.com gf blitz 5m+2spm"]
[Site "Chess.com INT"]
[Date "2016.05.10"]
[Round "8"]
[White "Vachier Lagrave, Maxime"]
[Black "Caruana, Fabiano"]
[Result "1-0"]
[WhiteElo "2788"]
[BlackElo "2795"]
[PlyCount "69"]
[EventDate "2016.04.06"]
[EventType "match (blitz)"]
[EventRounds "26"]
[EventCountry "USA"]
[SourceTitle "EXT 2017"]
[Source "ChessBase"]
[SourceDate "2016.10.25"]
[SourceVersion "1"]
[SourceVersionDate "2016.10.25"]
[SourceQuality "1"]

1. e4 e5 2. Nf3 Nc6 3. Bb5 a6 4. Ba4 Nf6 5. O-O Be7 6. Re1 b5 7. Bb3 O-O 8. c3
d6 9. h3 Rb8 10. d4 exd4 11. cxd4 d5 12. e5 Ne4 13. Nc3 Nxc3 14. bxc3 Bf5 15.
g4 Bg6 16. Bf4 Qd7 17. Bc2 Nd8 18. Bg3 Ne6 19. Bf5 b4 20. c4 c5 21. dxc5 d4 22.
c6 Qxc6 23. Nxd4 Qxc4 24. Nxe6 fxe6 25. Re4 Qc6 26. Rc1 Qb6 27. Bxg6 hxg6 28.
Rec4 Rbd8 29. Qb3 Bg5 30. Rxb4 Qxb4 31. Qxb4 Bxc1 32. Qc4 Rd1+ 33. Kg2 Re8 34.
Qc2 Red8 35. Qxg6 1-0

[Event "chess.com gf blitz 5m+2spm"]
[Site "Chess.com INT"]
[Date "2016.05.10"]
[Round "9"]
[White "Caruana, Fabiano"]
[Black "Vachier Lagrave, Maxime"]
[Result "0-1"]
[WhiteElo "2795"]
[BlackElo "2788"]
[PlyCount "182"]
[EventDate "2016.04.06"]
[EventType "match (blitz)"]
[EventRounds "26"]
[EventCountry "USA"]
[SourceTitle "EXT 2017"]
[Source "ChessBase"]
[SourceDate "2016.10.25"]
[SourceVersion "1"]
[SourceVersionDate "2016.10.25"]
[SourceQuality "1"]

1. e4 c5 2. Nf3 d6 3. d4 cxd4 4. Nxd4 Nf6 5. Nc3 a6 6. f3 e5 7. Nb3 Be7 8. Be3
Be6 9. Qd2 O-O 10. O-O-O Nbd7 11. g4 b5 12. a3 Nb6 13. Na5 Rc8 14. g5 Nh5 15.
h4 Ng3 16. Rh2 Nxf1 17. Rxf1 b4 18. axb4 d5 19. exd5 Nxd5 20. Nxd5 Bxd5 21. b3
Qd7 22. Kb2 Qe6 23. c4 Ba8 24. c5 Rfd8 25. Qc3 e4 26. fxe4 Bxe4 27. Bd4 Bf8 28.
Rhf2 Bg6 29. Nc4 Qg4 30. Rf4 Qe2+ 31. Qd2 Qxd2+ 32. Nxd2 a5 33. Nc4 axb4 34.
Ne5 Bxc5 35. Bxc5 Rxc5 36. Nxg6 Rd2+ 37. Kb1 hxg6 38. Rxb4 Rf5 39. Rxf5 gxf5
40. Rf4 g6 41. b4 f6 42. b5 Kf7 43. b6 Rd7 44. Rb4 Rb7 45. Kc2 fxg5 46. hxg5
Ke6 47. Kd3 Kd5 48. Rb1 Kc5 49. Rc1+ Kd5 50. Rb1 Rd7 51. Ke3 Kc6 52. Kf4 Re7
53. Rb4 Rb7 54. Rc4+ Kd5 55. Rb4 Kc5 56. Rb1 Rxb6 57. Rd1 Rd6 58. Rc1+ Kd5 59.
Re1 Re6 60. Rd1+ Kc5 61. Kf3 Re4 62. Rc1+ Kd5 63. Rd1+ Ke5 64. Ra1 Rg4 65. Ra5+
Ke6 66. Ra6+ Kf7 67. Ra7+ Ke8 68. Rb7 Kd8 69. Rg7 Rxg5 70. Kf4 Rg4+ 71. Ke5 f4
72. Kd6 Ke8 73. Ke6 Kf8 74. Kf6 g5 75. Ra7 Ke8 76. Ke6 Kd8 77. Kd6 Kc8 78. Kc6
Kb8 79. Rb7+ Ka8 80. Rg7 Rg1 81. Kb6 Rb1+ 82. Ka6 Kb8 83. Rxg5 Kc7 84. Rf5 Rb4
85. Ka5 Rd4 86. Rf6 Kd7 87. Kb5 Ke7 88. Rh6 f3 89. Kc5 Rf4 90. Rh1 f2 91. Rf1
Ke6 0-1

[Event "chess.com qf blitz 1m+1spm"]
[Site "Chess.com INT"]
[Date "2016.05.10"]
[Round "18"]
[White "Vachier Lagrave, Maxime"]
[Black "Caruana, Fabiano"]
[Result "1-0"]
[WhiteElo "2788"]
[BlackElo "2795"]
[PlyCount "67"]
[EventDate "2016.04.06"]
[EventType "match (blitz)"]
[EventRounds "26"]
[EventCountry "USA"]
[SourceTitle "EXT 2017"]
[Source "ChessBase"]
[SourceDate "2016.10.25"]
[SourceVersion "1"]
[SourceVersionDate "2016.10.25"]
[SourceQuality "1"]

1. e4 e6 2. d4 d5 3. e5 c5 4. c3 Nc6 5. Nf3 Bd7 6. a3 f6 7. Bd3 fxe5 8. Nxe5
Nxe5 9. dxe5 g6 10. O-O Bg7 11. f4 Ne7 12. Nd2 Qc7 13. Nf3 O-O-O 14. Qe2 Rhf8
15. b4 Nf5 16. g4 Ne7 17. bxc5 Bh6 18. g5 Bg7 19. Be3 Nf5 20. Bf2 Bc6 21. Rab1
d4 22. Nxd4 Nxd4 23. Bxd4 Rf7 24. Bc4 Qe7 25. Qa2 Re8 26. Qd2 h6 27. Bb5 Qd7
28. Bxc6 Qxc6 29. Qg2 Qxg2+ 30. Kxg2 hxg5 31. fxg5 Rf5 32. Rxf5 exf5 33. Re1
Kd7 34. e6+ 1-0

[Event "chess.com qf blitz 1m+1spm"]
[Site "Chess.com INT"]
[Date "2016.05.10"]
[Round "19"]
[White "Caruana, Fabiano"]
[Black "Vachier Lagrave, Maxime"]
[Result "1/2-1/2"]
[WhiteElo "2795"]
[BlackElo "2788"]
[PlyCount "85"]
[EventDate "2016.04.06"]
[EventType "match (blitz)"]
[EventRounds "26"]
[EventCountry "USA"]
[SourceTitle "EXT 2017"]
[Source "ChessBase"]
[SourceDate "2016.10.25"]
[SourceVersion "1"]
[SourceVersionDate "2016.10.25"]
[SourceQuality "1"]

1. e4 c5 2. Nf3 d6 3. d4 cxd4 4. Nxd4 Nf6 5. Nc3 a6 6. f3 e5 7. Nb3 Be7 8. Be3
Be6 9. Qd2 O-O 10. O-O-O Nbd7 11. g4 b5 12. a3 Nb6 13. Na5 Rc8 14. Kb1 Qc7 15.
g5 Nh5 16. h4 Ng3 17. Rh2 Nxf1 18. Rxf1 Rfd8 19. Bxb6 Qxb6 20. Nd5 Qa7 21. h5
Bf8 22. h6 g6 23. f4 Bxd5 24. exd5 Re8 25. Nc6 Qd7 26. fxe5 dxe5 27. Rhf2 e4
28. Rxf7 e3 29. Qe2 Qxf7 30. Rxf7 Kxf7 31. Nd4 Re5 32. Nc6 Ree8 33. Nd4 Re5 34.
Ne6 Bd6 35. Qf3+ Ke8 36. Qf6 e2 37. Qh8+ Kd7 38. Qg7+ Ke8 39. Qh8+ Kd7 40. Qg7+
Ke8 41. Qh8+ Kd7 42. Qg7+ Ke8 43. Qh8+ 1/2-1/2

[Event "chess.com qf blitz 1m+1spm"]
[Site "Chess.com INT"]
[Date "2016.05.10"]
[Round "20"]
[White "Vachier Lagrave, Maxime"]
[Black "Caruana, Fabiano"]
[Result "1/2-1/2"]
[WhiteElo "2788"]
[BlackElo "2795"]
[PlyCount "121"]
[EventDate "2016.04.06"]
[EventType "match (blitz)"]
[EventRounds "26"]
[EventCountry "USA"]
[SourceTitle "EXT 2017"]
[Source "ChessBase"]
[SourceDate "2016.10.25"]
[SourceVersion "1"]
[SourceVersionDate "2016.10.25"]
[SourceQuality "1"]

1. e4 e5 2. Nf3 Nc6 3. Bb5 Nf6 4. O-O Nxe4 5. Re1 Nd6 6. Nxe5 Be7 7. Bf1 Nxe5
8. Rxe5 O-O 9. Nc3 Ne8 10. Nd5 Bd6 11. Re1 c6 12. Ne3 Be7 13. c4 Nc7 14. d4 d5
15. cxd5 Bb4 16. Bd2 Bxd2 17. Qxd2 Nxd5 18. Nxd5 Qxd5 19. Re5 Qd6 20. Bc4 Bd7
21. Rae1 Rae8 22. Qc3 Rxe5 23. dxe5 Qe7 24. Qa5 a6 25. Qb6 Be6 26. Bxe6 Qxe6
27. Qxb7 Qxa2 28. Qxc6 Qxb2 29. Qxa6 Qc3 30. Qe2 h6 31. g3 Re8 32. Qe4 Qc8 33.
Re3 Qe6 34. Qf3 Rd8 35. Kg2 Qd5 36. Re4 Qe6 37. h4 Rd5 38. Qe2 Qc6 39. Kh2 Qe6
40. Re3 Ra5 41. h5 Ra2 42. Qf3 Ra5 43. Qe4 Ra2 44. Kg2 Ra5 45. Rd3 Qe8 46. f4
Ra2+ 47. Kf3 Ra8 48. Qd5 Rb8 49. Qd7 Qf8 50. Qc7 Rc8 51. Qd6 Qe8 52. Qd7 Qf8
53. g4 Rb8 54. Qc7 Qb4 55. Qd6 Qb1 56. Qd5 Qf1+ 57. Kg3 Qe1+ 58. Kf3 Qf1+ 59.
Kg3 Qe1+ 60. Kf3 Qf1+ 61. Kg3 1/2-1/2